000 00488nam a2200145Ia 4500
003 GCL
008 140319s9999 xx 000 0 ara d
040 _aGCL /
_cGCL
082 0 4 _a330.1
_bا م
100 1 _aاسماعيل محمد هاشم
245 1 0 _aالمدخل الى مبادئ الاقتصاد الاجتماعى /
_cاسماعيل محمد هاشم
700 1 _aابراهيم صبحى على
300 _a345 ص
490 _aالهيئة العامة للاستعلامات
_v0
999 _c49297
_d49297